02237cam a22003375a 45000010009000000050017000090080041000260100017000670200015000840200018000990400034001170820017001511000034001682450111002022500032003132600072003453000042004175000024004595000027004835040031005105050806005415200240013475900011015876500036015986500041016346510010016756530024016859420021017099990017017309520152017471603142820201128023943.0091222s2011 mauab frbd 001 0 eng d a 2009051746 a0205798543 a9780205798544 aDLCbengcDLCdDLCdEG-ScBUE 04222a320bDAN1 aDanziger, James N.‏ 94163210aUnderstanding the political world :ba comparative introduction to political science /cJames N. Danziger. a10th ed., international ed. aBoston, Massachusetts :bLongman / Pearson Education Inc.,cc.2011. axxii, 504 p. :bill., maps ;c23 cm. aIndex : p. 499-504. aGlossary : p. 479-486. aBibliography : p. 487-497. apt. 1. ON KNOWING THE POLITICAL WORLD: Chapter 1. Politics and Knowledge --pt. 2. POLITICAL BEHAVIOR: Chapter 2. Political Theory and Political Beliefs -- Chapter 3. Political Actions -- Chapter 4. Influences on Beliefs and Actions -- pt. 3. POLITICAL SYSTEMS: Chapter 5. States and Nations -- Chapter 6. Political Institutions I: Structures -- Chapter 7. Political Institutions II: Institutional Arrangements -- Chapter 8. Political Economy -- pt. 4. POLITICAL PROCESSES: Chapter 9. Public Policy, Power, and Decision -- Chapter 10. Change and Political Development -- Chapter 11. Politics Across Borders -- Chapter 12. Political Violence -- pt. 5. POLITICS AMONG STATES: Chapter 13. The Developed Countries -- Chapter 14. The Developing Countries -- Chapter 15. The Transitional Developed Countries. aBoth students and instructors praise this introduction to political science, which offers a personal writing style and a comparative perspective that illuminates how politics works at the individual, group, national, and global levels. aWessam 7aPolitical science.2BUEsh91313 7aComparative government.2BUEsh96707 2BUEsh bBUSBOLcOctober2016 2ddce22k320 DAN c22893d22865 00102ddc40708BaccahaMAINbMAINc1STd2016-10-30ePurchaseg304.00h3634l2m2o320 DANp000034238r2025-07-15 00:00:00s2018-09-03v380.00yBB